000 00253nam a2200097Ia 4500
005 20250424112925.0
008 250424s9999 xx 000 0 und d
300 _av. , 246 p. : ill. ; 26 cm.
650 _aEconomics--Periodicals. Economie.
942 _cSR
999 _c37904
_d37904